[Event "Mongol-magyar barátság GM"]
[Site "Debrecen"]
[Date "2019.09.09"]
[Round "1.1"]
[White "Laketic, Gojko"]
[Black "Lajthajm, Borko"]
[Result "1/2-1/2"]
[WhiteElo "2367"]
[BlackElo "2414"]
[PlyCount "45"]
[EventDate "2019.09.09"]
[EventType "tourn"]
[EventRounds "10"]
[EventCountry "HUN"]
[EventCategory "9"]

1. e4 e5 2. Nf3 Nc6 3. Bb5 d6 4. d4 Bd7 5. Nc3 Nf6 6. O-O Be7 7. Re1 exd4 8.
Nxd4 Nxd4 9. Qxd4 Bxb5 10. Nxb5 a6 11. Nc3 O-O 12. b3 Nd7 13. Bb2 Bf6 14. Qd2
Re8 15. Rad1 Nc5 16. Ba1 Ne6 17. Qc1 Bxc3 18. Bxc3 Qe7 19. Qe3 f6 20. Qd2 Qf7
21. Qd5 Nc5 22. Qxf7+ Kxf7 23. f3 1/2-1/2

[Event "Mongol-magyar barátság GM"]
[Site "Debrecen"]
[Date "2019.09.09"]
[Round "1.2"]
[White "Kovchan, Alexander"]
[Black "Varga, Zoltan"]
[Result "1-0"]
[WhiteElo "2567"]
[BlackElo "2437"]
[PlyCount "111"]
[EventDate "2019.09.09"]
[EventType "tourn"]
[EventRounds "10"]
[EventCountry "HUN"]
[EventCategory "9"]

1. e4 Nf6 2. e5 Nd5 3. d4 d6 4. Nf3 c6 5. c4 Nc7 6. Be2 dxe5 7. Nxe5 Nd7 8. Nf3
g6 9. O-O Bg7 10. Nc3 O-O 11. Bf4 c5 12. d5 e5 13. dxe6 Nxe6 14. Bg3 Nf6 15.
Be5 Qxd1 16. Rfxd1 b6 17. a4 Bb7 18. a5 Ne4 19. Nb5 bxa5 20. Rd7 Bc6 21. Rxa7
Bxe5 22. Nxe5 Bxb5 23. Rxa8 Rxa8 24. cxb5 Nd4 25. Bf1 Nd6 26. b6 Rb8 27. Nd7
Rb7 28. Nf6+ Kg7 29. Nd5 Nc6 30. Rd1 c4 31. f4 h5 32. g3 Rb8 33. Ne3 Nc8 34.
Nxc4 Nxb6 35. Nxb6 Rxb6 36. Rd6 a4 37. Bc4 Kf8 38. Bd5 a3 39. bxa3 Rb1+ 40. Kg2
Rb2+ 41. Kh3 Ne7 42. Bc4 Nf5 43. Rd8+ Ke7 44. Rd3 Rc2 45. Bb3 Rb2 46. Bd1 f6
47. a4 Ra2 48. Rc3 Nh6 49. Re3+ Kf8 50. Re2 Ra3 51. Rb2 Ra1 52. Rb8+ Kg7 53.
Rb7+ Kf8 54. Bc2 g5 55. fxg5 fxg5 56. Rh7 1-0

[Event "Mongol-magyar barátság GM"]
[Site "Debrecen"]
[Date "2019.09.09"]
[Round "1.3"]
[White "Baklan, Vladimir"]
[Black "Nomin-Erdene, Davaademberel"]
[Result "1/2-1/2"]
[WhiteElo "2604"]
[BlackElo "2377"]
[PlyCount "39"]
[EventDate "2019.09.09"]
[EventType "tourn"]
[EventRounds "10"]
[EventCountry "HUN"]
[EventCategory "9"]

1. e4 c6 2. d4 d5 3. Nd2 dxe4 4. Nxe4 Bf5 5. Ng3 Bg6 6. Nh3 Nf6 7. Nf4 e5 8.
Nxg6 hxg6 9. dxe5 Qa5+ 10. Bd2 Qxe5+ 11. Qe2 Nbd7 12. O-O-O O-O-O 13. Qxe5 Nxe5
14. h3 Bc5 15. f4 Ned7 16. Bc4 Bf2 17. Be1 Be3+ 18. Bd2 Bf2 19. Be1 Be3+ 20.
Bd2 1/2-1/2

[Event "Mongol-magyar barátság GM"]
[Site "Debrecen"]
[Date "2019.09.10"]
[Round "2.1"]
[White "Lajthajm, Borko"]
[Black "Nomin-Erdene, Davaademberel"]
[Result "1/2-1/2"]
[WhiteElo "2414"]
[BlackElo "2377"]
[PlyCount "40"]
[EventDate "2019.09.09"]
[EventType "tourn"]
[EventRounds "10"]
[EventCountry "HUN"]
[EventCategory "9"]

1. d4 d5 2. c4 c6 3. Nc3 Nf6 4. Nf3 e6 5. Bg5 h6 6. Bxf6 Qxf6 7. e3 g6 8. Be2
Bg7 9. O-O Nd7 10. Rc1 O-O 11. Qc2 Qe7 12. Rfe1 b6 13. Qa4 Bb7 14. cxd5 exd5
15. Ba6 Bxa6 16. Qxa6 Qd6 17. Ne2 Rfc8 18. Nf4 Rc7 19. Nd3 Rac8 20. Red1 Nb8
1/2-1/2

[Event "Mongol-magyar barátság GM"]
[Site "Debrecen"]
[Date "2019.09.10"]
[Round "2.2"]
[White "Varga, Zoltan"]
[Black "Baklan, Vladimir"]
[Result "1/2-1/2"]
[WhiteElo "2437"]
[BlackElo "2604"]
[PlyCount "45"]
[EventDate "2019.09.09"]
[EventType "tourn"]
[EventRounds "10"]
[EventCountry "HUN"]
[EventCategory "9"]

1. d4 Nf6 2. c4 e6 3. Nf3 Bb4+ 4. Bd2 a5 5. g3 d5 6. a3 Be7 7. Bg2 O-O 8. O-O
c6 9. Qc2 b6 10. cxd5 cxd5 11. Ne5 Ba6 12. Re1 Nfd7 13. Nxd7 Nxd7 14. Nc3 Rc8
15. Rac1 b5 16. Qb1 b4 17. axb4 axb4 18. Na2 b3 19. Rxc8 Qxc8 20. Nb4 Bb5 21.
e4 dxe4 22. Rc1 Qd8 23. Qxe4 1/2-1/2

[Event "Mongol-magyar barátság GM"]
[Site "Debrecen"]
[Date "2019.09.10"]
[Round "2.3"]
[White "Laketic, Gojko"]
[Black "Kovchan, Alexander"]
[Result "1/2-1/2"]
[WhiteElo "2367"]
[BlackElo "2567"]
[PlyCount "98"]
[EventDate "2019.09.09"]
[EventType "tourn"]
[EventRounds "10"]
[EventCountry "HUN"]
[EventCategory "9"]

1. d4 Nf6 2. Nf3 g6 3. c4 Bg7 4. Nc3 d5 5. cxd5 Nxd5 6. Bd2 c5 7. Rc1 O-O 8.
dxc5 Nxc3 9. Bxc3 Qxd1+ 10. Kxd1 Rd8+ 11. Ke1 Be6 12. a3 Nd7 13. Bxg7 Kxg7 14.
Nd4 Nxc5 15. Nxe6+ Nxe6 16. e3 Rac8 17. Rxc8 Rxc8 18. Kd2 Nc5 19. f3 Nb3+ 20.
Kd3 a5 21. Be2 f5 22. Bd1 Rc1 23. f4 a4 24. g3 Kf6 25. Bf3 Rc7 26. Rd1 e5 27.
fxe5+ Kxe5 28. Re1 g5 29. Bd1 Rc1 30. Rh1 b5 31. Bf3 Rc7 32. Rd1 g4 33. Bg2 h5
34. Rf1 Rd7+ 35. Kc3 Rd2 36. Bc6 Rxh2 37. Bd7 Nc5 38. Rxf5+ Kd6 39. Bxb5 Ne4+
40. Kd4 Nxg3 41. Rf6+ Ke7 42. Ke5 Rc2 43. Re6+ Kf7 44. Be8+ Kg7 45. Kf4 Ne2+
46. Kg5 g3 47. Bxh5 g2 48. Re7+ Kf8 49. Re8+ Kg7 1/2-1/2

[Event "Mongol-magyar barátság GM"]
[Site "Debrecen"]
[Date "2019.09.10"]
[Round "3.1"]
[White "Kovchan, Alexander"]
[Black "Lajthajm, Borko"]
[Result "1-0"]
[WhiteElo "2567"]
[BlackElo "2414"]
[PlyCount "107"]
[EventDate "2019.09.09"]
[EventType "tourn"]
[EventRounds "10"]
[EventCountry "HUN"]
[EventCategory "9"]

1. e4 e5 2. Nf3 Nc6 3. Bb5 a6 4. Ba4 g6 5. c3 d6 6. d4 Bd7 7. d5 Nce7 8. c4 b6
9. Bxd7+ Qxd7 10. Nc3 h5 11. b4 a5 12. c5 axb4 13. c6 Qc8 14. Nb5 Ra5 15. Qe2
Bh6 16. Nd2 Nf6 17. f3 Bxd2+ 18. Bxd2 O-O 19. Bxb4 Ra4 20. a3 Ne8 21. f4 exf4
22. O-O Qa6 23. Rad1 Nc8 24. Rd2 f6 25. Rxf4 Rf7 26. h4 Na7 27. Nd4 Qxe2 28.
Rxe2 Nc8 29. g4 hxg4 30. Rxg4 Kh7 31. Reg2 Ne7 32. Ne6 Ra7 33. Rf2 Kh8 34. Rg3
Ng7 35. Bc3 Nh5 36. Rgf3 Ng8 37. e5 dxe5 38. Bxe5 Re7 39. Bb2 Ra4 40. Rg2 Rxe6
41. dxe6 Re4 42. Rxg6 Kh7 43. Rg2 Rxe6 44. Rd3 Ne7 45. Rd7 Kh6 46. Bc1+ Kh7 47.
Rxc7 Ng7 48. Bd2 Ngf5 49. Bb4 Kh6 50. Bxe7 Nxe7 51. Rc2 Nf5 52. Rd7 Re1+ 53.
Kh2 Ne3 54. c7 1-0

[Event "Mongol-magyar barátság GM"]
[Site "Debrecen"]
[Date "2019.09.10"]
[Round "3.2"]
[White "Baklan, Vladimir"]
[Black "Laketic, Gojko"]
[Result "1-0"]
[WhiteElo "2604"]
[BlackElo "2367"]
[PlyCount "81"]
[EventDate "2019.09.09"]
[EventType "tourn"]
[EventRounds "10"]
[EventCountry "HUN"]
[EventCategory "9"]

1. e4 g6 2. d4 Bg7 3. Nc3 d6 4. f4 Nf6 5. Nf3 O-O 6. a3 Nc6 7. Be2 d5 8. e5 Ne4
9. O-O Bg4 10. Qe1 Bxf3 11. Bxf3 Nxd4 12. Bxe4 dxe4 13. Qxe4 Nc6 14. Be3 Qd7
15. Rad1 Qe6 16. b4 a6 17. Nd5 Rac8 18. c4 f5 19. Qf3 Qf7 20. b5 Nd8 21. a4 Ne6
22. a5 Ra8 23. Ra1 g5 24. g3 Kh8 25. Nb4 Rab8 26. fxg5 Bxe5 27. Rab1 Qg7 28.
Nd3 Bd4 29. h4 Rbd8 30. Kg2 Bxe3 31. Qxe3 Qc3 32. Qe5+ Qxe5 33. Nxe5 Nc5 34.
Rfd1 Rd6 35. Rd5 Rxd5 36. cxd5 Kg7 37. bxa6 bxa6 38. Rc1 Nb7 39. Rxc7 Nxa5 40.
Rxe7+ Kg8 41. d6 1-0

[Event "Mongol-magyar barátság GM"]
[Site "Debrecen"]
[Date "2019.09.10"]
[Round "3.3"]
[White "Nomin-Erdene, Davaademberel"]
[Black "Varga, Zoltan"]
[Result "1-0"]
[WhiteElo "2377"]
[BlackElo "2437"]
[PlyCount "55"]
[EventDate "2019.09.09"]
[EventType "tourn"]
[EventRounds "10"]
[EventCountry "HUN"]
[EventCategory "9"]

1. e4 Nf6 2. e5 Nd5 3. d4 d6 4. c4 Nb6 5. exd6 exd6 6. Nc3 Be7 7. Bd3 Nc6 8.
Nge2 Bg4 9. f3 Bh5 10. O-O Bg6 11. Be4 O-O 12. b3 Qd7 13. Be3 Rae8 14. Qd2 Bxe4
15. fxe4 f5 16. d5 Ne5 17. Nd4 fxe4 18. Ne6 Rxf1+ 19. Rxf1 c5 20. Qf2 Na8 21.
Qg3 Ng6 22. Nxe4 b6 23. Qf2 Bh4 24. g3 Nc7 25. Nxd6 Nxe6 26. Nxe8 Ng5 27. Bxg5
Bxg5 28. Nd6 1-0

[Event "Mongol-magyar barátság GM"]
[Site "Debrecen"]
[Date "2019.09.11"]
[Round "4.1"]
[White "Lajthajm, Borko"]
[Black "Varga, Zoltan"]
[Result "0-1"]
[WhiteElo "2414"]
[BlackElo "2437"]
[PlyCount "100"]
[EventDate "2019.09.09"]
[EventType "tourn"]
[EventRounds "10"]
[EventCountry "HUN"]
[EventCategory "9"]

1. e4 Nf6 2. e5 Nd5 3. Nf3 d6 4. Bc4 c6 5. d4 dxe5 6. Nxe5 Nd7 7. Qe2 Nxe5 8.
dxe5 Bf5 9. Bb3 e6 10. Bd2 Qh4 11. g3 Qe4 12. f3 Qxe2+ 13. Kxe2 Bc5 14. Na3
O-O-O 15. Nc4 b5 16. Na5 Ne7 17. a4 Rxd2+ 18. Kxd2 Bb4+ 19. Ke2 Bxa5 20. axb5
Bb6 21. c4 cxb5 22. cxb5 Ng6 23. Rhc1+ Kb8 24. f4 Rd8 25. Ke1 Ne7 26. Rd1 Nd5
27. Bc4 h5 28. Be2 h4 29. Bf3 hxg3 30. hxg3 Rh8 31. g4 Bc2 32. Rd2 Bb3 33. Ra3
Bc4 34. b3 Bxb5 35. Bxd5 exd5 36. Rxd5 Bc6 37. Rd6 Bc5 38. Rxc6 Bxa3 39. Kf2
Rh3 40. g5 Kb7 41. Rc4 Rxb3 42. Kg2 g6 43. f5 gxf5 44. Rf4 Kc6 45. Rxf5 Rb7 46.
Rf6+ Kd5 47. g6 fxg6 48. Rxg6 Re7 49. Rg3 Bc5 50. Rd3+ Bd4 0-1

[Event "Mongol-magyar barátság GM"]
[Site "Debrecen"]
[Date "2019.09.11"]
[Round "4.2"]
[White "Laketic, Gojko"]
[Black "Nomin-Erdene, Davaademberel"]
[Result "0-1"]
[WhiteElo "2367"]
[BlackElo "2377"]
[PlyCount "61"]
[EventDate "2019.09.09"]
[EventType "tourn"]
[EventRounds "10"]
[EventCountry "HUN"]
[EventCategory "9"]

1. e4 e6 2. d4 d5 3. Nc3 Bb4 4. Qg4 g6 5. e5 c5 6. Bd2 h5 7. Qd1 Bd7 8. a3 Bxc3
9. Bxc3 Qb6 10. Nf3 Bb5 11. dxc5 Qxc5 12. Qd4 Qc6 13. a4 Bxf1 14. Kxf1 Ne7 15.
g3 Nf5 16. Qd3 d4 17. Bd2 Nd7 18. Ke2 O-O 19. Nxd4 Nxd4+ 20. Qxd4 Rfd8 21. Rhc1
Nb6 22. Qf4 Rd7 23. c4 Rad8 24. Be3 Nxa4 25. Rc2 Rd3 26. Qf3 Qd7 27. Kf1 Nc5
28. b4 Nb3 29. Ra3 Qe7 30. Rxa7 Nd4 31. Rxb7 $138 0-1

[Event "Mongol-magyar barátság GM"]
[Site "Debrecen"]
[Date "2019.09.11"]
[Round "4.3"]
[White "Kovchan, Alexander"]
[Black "Baklan, Vladimir"]
[Result "1/2-1/2"]
[WhiteElo "2567"]
[BlackElo "2604"]
[PlyCount "21"]
[EventDate "2019.09.09"]
[EventType "tourn"]
[EventRounds "10"]
[EventCountry "HUN"]
[EventCategory "9"]

1. e4 e6 2. d4 d5 3. Nc3 dxe4 4. Nxe4 Nd7 5. Nf3 Ngf6 6. Nxf6+ Nxf6 7. Bd3 c5
8. O-O cxd4 9. Nxd4 Be7 10. c3 O-O 11. Re1 1/2-1/2

[Event "Mongol-magyar barátság GM"]
[Site "Debrecen"]
[Date "2019.09.12"]
[Round "5.1"]
[White "Baklan, Vladimir"]
[Black "Lajthajm, Borko"]
[Result "1-0"]
[WhiteElo "2604"]
[BlackElo "2414"]
[PlyCount "21"]
[EventDate "2019.09.09"]
[EventType "tourn"]
[EventRounds "10"]
[EventCountry "HUN"]
[EventCategory "9"]

1. e4 d6 2. d4 Nf6 3. Nc3 c6 4. f4 Qa5 5. Bd3 e5 6. Nf3 Bg4 7. Be3 exf4 8. Bxf4
Qb4 9. a3 Qxb2 10. Na4 Bxf3 11. gxf3 1-0

[Event "Mongol-magyar barátság GM"]
[Site "Debrecen"]
[Date "2019.09.12"]
[Round "5.2"]
[White "Nomin-Erdene, Davaademberel"]
[Black "Kovchan, Alexander"]
[Result "1/2-1/2"]
[WhiteElo "2377"]
[BlackElo "2567"]
[PlyCount "22"]
[EventDate "2019.09.09"]
[EventType "tourn"]
[EventRounds "10"]
[EventCountry "HUN"]
[EventCategory "9"]

1. e4 c5 2. Nf3 d6 3. d4 cxd4 4. Nxd4 Nf6 5. Nc3 a6 6. Be3 Ng4 7. Bc1 Nf6 8.
Be3 e5 9. Nf3 Be7 10. Bc4 O-O 11. O-O Nc6 1/2-1/2

[Event "Mongol-magyar barátság GM"]
[Site "Debrecen"]
[Date "2019.09.12"]
[Round "5.3"]
[White "Varga, Zoltan"]
[Black "Laketic, Gojko"]
[Result "1/2-1/2"]
[WhiteElo "2437"]
[BlackElo "2367"]
[PlyCount "36"]
[EventDate "2019.09.09"]
[EventType "tourn"]
[EventRounds "10"]
[EventCountry "HUN"]
[EventCategory "9"]

1. e4 e5 2. Nf3 Nc6 3. Bb5 a6 4. Ba4 Nf6 5. d3 d6 6. c4 g6 7. h3 Bg7 8. Nc3 O-O
9. Bg5 h6 10. Be3 Nd7 11. Bxc6 bxc6 12. Qd2 Kh7 13. d4 exd4 14. Bxd4 f6 15.
O-O-O Qe7 16. b3 Bb7 17. Rhe1 Qf7 18. Na4 c5 1/2-1/2

[Event "Mongol-magyar barátság GM"]
[Site "Debrecen"]
[Date "2019.09.12"]
[Round "6.1"]
[White "Lajthajm, Borko"]
[Black "Laketic, Gojko"]
[Result "1-0"]
[WhiteElo "2414"]
[BlackElo "2367"]
[PlyCount "131"]
[EventDate "2019.09.09"]
[EventType "tourn"]
[EventRounds "10"]
[EventCountry "HUN"]
[EventCategory "9"]

1. e4 Nf6 2. e5 Nd5 3. c4 Nb6 4. d4 d6 5. exd6 cxd6 6. Nc3 g6 7. Be3 Bg7 8. Rc1
O-O 9. Nf3 Bg4 10. Be2 Nc6 11. b3 d5 12. c5 Nc8 13. b4 a6 14. a3 Bxf3 15. Bxf3
e6 16. O-O N8e7 17. Ne2 Nf5 18. Qd2 h5 19. Rfd1 Kh7 20. g3 Nxe3 21. fxe3 Bh6
22. Nf4 Re8 23. Rf1 f5 24. h4 Qf6 25. Rcd1 Rg8 26. Kf2 Qf7 27. a4 a5 28. b5 Nb4
29. Rh1 Rge8 30. Qc3 Qc7 31. Nd3 Nxd3+ 32. Rxd3 Rec8 33. Rb1 Qe7 34. b6 Qd7 35.
Rb5 Rg8 36. Rxa5 Rxa5 37. Qxa5 g5 38. hxg5 Bxg5 39. Rd1 Bh6 40. Rh1 Qg7 41.
Rxh5 f4 42. gxf4 Qg1+ 43. Ke2 Rg2+ 44. Bxg2 Qxg2+ 45. Ke1 Qg1+ 46. Kd2 Qf2+ 47.
Kd3 Qf1+ 48. Kc2 Qe2+ 49. Qd2 Qxh5 50. Qd3+ Kg7 51. a5 Qe8 52. Kb3 Qc8 53. Kb4
Kf6 54. a6 bxa6 55. Ka5 Bf8 56. Qxa6 Qc6 57. b7 Qc7+ 58. Qb6 Qb8 59. Ka6 Be7
60. Qa7 Bd6 61. cxd6 Qxd6+ 62. Qb6 Qb8 63. Qc5 Qe8 64. Ka7 Qa4+ 65. Kb6 Qb3+
66. Kc7 1-0

[Event "Mongol-magyar barátság GM"]
[Site "Debrecen"]
[Date "2019.09.12"]
[Round "6.3"]
[White "Nomin-Erdene, Davaademberel"]
[Black "Baklan, Vladimir"]
[Result "1/2-1/2"]
[WhiteElo "2377"]
[BlackElo "2604"]
[PlyCount "41"]
[EventDate "2019.09.09"]
[EventType "tourn"]
[EventRounds "10"]
[EventCountry "HUN"]
[EventCategory "9"]

1. e4 e6 2. d4 d5 3. exd5 exd5 4. Nf3 Nf6 5. Bd3 Bd6 6. Qe2+ Qe7 7. Qxe7+ Kxe7
8. O-O Nc6 9. Re1+ Kf8 10. c3 h6 11. Na3 a6 12. Ne5 Ne7 13. Nc2 Bf5 14. Ne3
Bxd3 15. Nxd3 g6 16. b3 Kg7 17. a4 Rhe8 18. Ba3 Bxa3 19. Rxa3 a5 20. Ra2 Nc8
21. Rae2 1/2-1/2

[Event "Mongol-magyar barátság GM"]
[Site "Debrecen"]
[Date "2019.09.13"]
[Round "7.1"]
[White "Nomin-Erdene, Davaademberel"]
[Black "Lajthajm, Borko"]
[Result "1-0"]
[WhiteElo "2377"]
[BlackElo "2414"]
[PlyCount "103"]
[EventDate "2019.09.09"]
[EventType "tourn"]
[EventRounds "10"]
[EventCountry "HUN"]
[EventCategory "9"]

1. e4 e5 2. Nf3 Nc6 3. Bb5 a6 4. Bxc6 dxc6 5. O-O Qf6 6. d4 exd4 7. Bg5 Qg6 8.
Qxd4 Bg4 9. Nbd2 Be7 10. Bxe7 Nxe7 11. Ne5 Qf6 12. Qc5 h5 13. f4 Qd6 14. Qf2
Rd8 15. Nb3 Be6 16. c4 Bc8 17. Qf3 Qh6 18. Rae1 O-O 19. Qc3 f6 20. Nd3 b6 21.
c5 a5 22. f5 Rfe8 23. Nf4 h4 24. Nd4 Bd7 25. Nde6 Bxe6 26. Nxe6 Rd7 27. Rd1
Rxd1 28. Rxd1 Qh5 29. Qe1 Nxf5 30. exf5 Qxf5 31. Rd8 Rxd8 32. Nxd8 Qxc5+ 33.
Kh1 Qc2 34. h3 Qxb2 35. Qe8+ Kh7 36. Qe4+ Kg8 37. Qc4+ Kh7 38. Qxh4+ Kg8 39.
Qc4+ Kh7 40. Nxc6 b5 41. Qe4+ Kh6 42. Ne7 Qa1+ 43. Kh2 Qe5+ 44. Qxe5 fxe5 45.
Nc6 Kg5 46. Kg3 Kf5 47. Kf3 a4 48. g4+ Kg5 49. Kg3 g6 50. h4+ Kf6 51. Kf3 Ke6
52. Ke4 1-0

[Event "Mongol-magyar barátság GM"]
[Site "Debrecen"]
[Date "2019.09.13"]
[Round "7.2"]
[White "Baklan, Vladimir"]
[Black "Varga, Zoltan"]
[Result "1/2-1/2"]
[WhiteElo "2604"]
[BlackElo "2437"]
[PlyCount "98"]
[EventDate "2019.09.09"]
[EventType "tourn"]
[EventRounds "10"]
[EventCountry "HUN"]
[EventCategory "9"]

1. e4 Nf6 2. e5 Nd5 3. d4 d6 4. c4 Nb6 5. exd6 exd6 6. Nc3 Bf5 7. Be3 Nc6 8.
Nf3 Be7 9. d5 Ne5 10. Nxe5 dxe5 11. Qh5 g6 12. Qe2 Bb4 13. g4 Bd7 14. Bg2 Qe7
15. O-O O-O 16. Rac1 Bxc3 17. Rxc3 c5 18. f4 f5 19. gxf5 exf4 20. Rxf4 Bxf5 21.
Qd2 Qd6 22. Rf2 Rae8 23. b3 Nd7 24. Bf4 Qf6 25. Re3 Qd4 26. d6 Qxd2 27. Rxd2
Rxe3 28. Bxe3 b6 29. Bg5 Bg4 30. Rd3 Rf5 31. Be7 Re5 32. Kf2 Re2+ 33. Kg3 Bf5
34. Bd5+ Kg7 35. Rf3 Rxa2 36. Re3 Rd2 37. Bg5 Rd3 38. Rxd3 Bxd3 39. Kf4 Kf8 40.
Be7+ Ke8 41. Bc6 Bc2 42. Ba4 h6 43. h4 a6 44. Ke3 b5 45. cxb5 axb5 46. Bxb5
Bxb3 47. Kd3 Be6 48. Kc3 Kf7 49. Bxd7 Bxd7 1/2-1/2

[Event "Mongol-magyar barátság GM"]
[Site "Debrecen"]
[Date "2019.09.13"]
[Round "8.1"]
[White "Lajthajm, Borko"]
[Black "Kovchan, Alexander"]
[Result "0-1"]
[WhiteElo "2414"]
[BlackElo "2567"]
[PlyCount "70"]
[EventDate "2019.09.09"]
[EventType "tourn"]
[EventRounds "10"]
[EventCountry "HUN"]
[EventCategory "9"]

1. e4 c5 2. c3 d5 3. exd5 Qxd5 4. Nf3 Nf6 5. Na3 Nc6 6. d4 Bg4 7. Be2 cxd4 8.
Nb5 O-O-O 9. Nbxd4 e5 10. Nxc6 Qxc6 11. Qb3 Be6 12. Qb5 Qxb5 13. Bxb5 Bc5 14.
Be3 Bxe3 15. fxe3 Rd6 16. Be2 Ng4 17. e4 Ne3 18. Kf2 Ng4+ 19. Ke1 Rhd8 20. Ng5
Nf6 21. Nxe6 fxe6 22. Rd1 Rb6 23. b3 Nxe4 24. Rf1 Nxc3 25. Rxd8+ Kxd8 26. Rf7
Nxa2 27. Rxg7 Rxb3 28. Rxh7 Rb1+ 29. Kd2 Rb2+ 30. Ke3 Nc3 31. Bf3 Nd5+ 32. Kd3
Rb4 33. h4 Rd4+ 34. Kc2 e4 35. Bg4 Ne3+ 0-1

[Event "Mongol-magyar barátság GM"]
[Site "Debrecen"]
[Date "2019.09.13"]
[Round "8.2"]
[White "Laketic, Gojko"]
[Black "Baklan, Vladimir"]
[Result "1/2-1/2"]
[WhiteElo "2367"]
[BlackElo "2604"]
[PlyCount "92"]
[EventDate "2019.09.09"]
[EventType "tourn"]
[EventRounds "10"]
[EventCountry "HUN"]
[EventCategory "9"]

1. d4 Nf6 2. c4 e6 3. Nf3 b6 4. g3 c6 5. Bg2 Be7 6. O-O O-O 7. Nc3 d5 8. Ne5
Ba6 9. b3 Nfd7 10. Nxd7 Nxd7 11. cxd5 cxd5 12. Bb2 Rc8 13. Qd2 Nf6 14. Rfc1 Qd7
15. Rc2 Rc7 16. Rac1 Rfc8 17. Qd1 h6 18. e3 Bb4 19. Nb1 Rc6 20. Rxc6 Rxc6 21.
Rxc6 Qxc6 22. Bf1 Bxf1 23. Kxf1 g5 24. h3 Ne4 25. Kg2 Qc7 26. a3 Bd6 27. Nd2
Nxd2 28. Qxd2 b5 29. Qc1 Qb7 30. Qc2 Qa6 31. a4 Qb7 32. axb5 Qxb5 33. Bc3 a6
34. Be1 Kg7 35. Bc3 Qc6 36. Qd2 Qb7 37. Qa2 h5 38. Qa4 g4 39. hxg4 hxg4 40. Ba5
Kf8 41. Bd8 f5 42. Bg5 Kf7 43. Bf4 Bxf4 44. gxf4 Ke7 45. Qa3+ Kd7 46. Qc5 Qxb3
1/2-1/2

[Event "Mongol-magyar barátság GM"]
[Site "Debrecen"]
[Date "2019.09.14"]
[Round "9.3"]
[White "Baklan, Vladimir"]
[Black "Kovchan, Alexander"]
[Result "1/2-1/2"]
[WhiteElo "2604"]
[BlackElo "2567"]
[PlyCount "31"]
[EventDate "2019.09.09"]
[EventType "tourn"]
[EventRounds "10"]
[EventCountry "HUN"]
[EventCategory "9"]

1. Nf3 Nf6 2. g3 g6 3. Bg2 Bg7 4. O-O O-O 5. c4 c6 6. d4 d5 7. cxd5 cxd5 8. Ne5
e6 9. Nc3 Nfd7 10. Nxd7 Bxd7 11. b3 Nc6 12. e3 Qa5 13. Bd2 Qa3 14. Bc1 Qe7 15.
Qd2 Rfc8 16. Bb2 1/2-1/2

[Event "Mongol-magyar barátság GM"]
[Site "Debrecen"]
[Date "2019.09.15"]
[Round "10.1"]
[White "Lajthajm, Borko"]
[Black "Baklan, Vladimir"]
[Result "1/2-1/2"]
[WhiteElo "2414"]
[BlackElo "2604"]
[PlyCount "98"]
[EventDate "2019.09.09"]
[EventType "tourn"]
[EventRounds "10"]
[EventCountry "HUN"]
[EventCategory "9"]

1. d4 Nf6 2. c4 e6 3. Nf3 b6 4. g3 Bb7 5. Bg2 g6 6. O-O Bg7 7. Bf4 O-O 8. Nc3
d6 9. Qd2 Nbd7 10. Bh6 Ne4 11. Nxe4 Bxe4 12. Qe3 Bb7 13. Rfd1 Re8 14. Rac1 Nf6
15. Bxg7 Kxg7 16. c5 Bd5 17. cxd6 cxd6 18. Ne1 Qd7 19. Qa3 Bxg2 20. Nxg2 Rec8
21. Ne3 d5 22. Qa6 Ne4 23. f3 Nd6 24. Ng4 f6 25. Qd3 h5 26. Nf2 Rxc1 27. Rxc1
Rc8 28. Rxc8 Qxc8 29. Qd2 Qc6 30. b3 g5 31. Kf1 Kf7 32. Nd3 Qc7 33. Nf2 Nf5 34.
Kg1 Qd6 35. Qc3 a5 36. Nd3 Ke7 37. Nf2 Qb4 38. Qxb4+ axb4 39. Nd3 Nxd4 40. Kf2
Nc6 41. e4 Kd6 42. h3 b5 43. Ke3 dxe4 44. fxe4 f5 45. h4 gxh4 46. gxh4 Ne7 47.
Nf4 Ke5 48. Nd3+ Kd6 49. Nf4 Ke5 1/2-1/2